Los contratos del diablo Las concesiones bananeras en Honduras y Centroamérica
Salvato in:
| Autore principale: | |
|---|---|
| Natura: | Sconosciuto |
| Pubblicazione: |
México
Editores Asociados
1975
|
| Soggetti: | |
| Tags: |
Aggiungi Tag
Nessun Tag, puoi essere il primo ad aggiungerne!!
|
MARC
| LEADER | 000000000a22000000004500 | ||
|---|---|---|---|
| 001 | 002206 | ||
| 041 | 0 | |a español | |
| 092 | 0 | |a M863.4 V136c | |
| 100 | 1 | |a Valades, Edmundo | |
| 245 | 1 | 0 | |a Los contratos del diablo |b Las concesiones bananeras en Honduras y Centroamérica |
| 260 | |a México |b Editores Asociados |c 1975 | ||
| 300 | |a 160 páginas |b ilustraciones | ||
| 500 | |a Subtitulo tomado de la cubierta. -- Número de inscripción 01615 | ||
| 650 | 4 | |a LITERATURA LATINOAMERICANA | |
| 650 | 4 | |a NOVELA BANANERA | |
| 999 | |c 3071 |d 3071 | ||
